000 01256nam a2200301 i 4500
003 EG-GICUC
005 20260121101231.0
008 251116s2011 ua ||||fr|||| 00| 0 ara d
040 _a EG-GICUC
_bara
_c EG-GICUC
_d EG-GICUC
_erda
041 0 _hara
082 0 4 _221
_a345.2
_bس ا . أ
092 0 4 _221
099 _aLaw1 07 345.2 س ا . أ 2011
100 0 _aسامي جمال الدين
_eمؤلف.
245 1 0 _aأصول القانون الإداري :
_bتنظيم السلطة الإدارية والإدارية المحلية، التنظيم القانوني للوظيفة العامة /
_cالدكـتور سامي جمال الدين.
264 1 _aالاسكـندرية :
_bدار الجامعة الجديدة ،
_c2011.
300 _a392 صفحة ؛
_c24 سم.
_bإيضاحيات، صور، مثيليات ؛
336 _2rda content
_atext
337 _2rda media
_aComputer
338 _2rda carrier
_aOnline Resource
504 _aيشتمل على إرجاعات ببليوجرافية
546 _aالنص باللغة العربية
650 1 _aالقانون الإداري
_2qrmak
651 1 _2qrmak
856 4 0 _uhttps://fll.law.cu.edu.eg/fulltext/bks/B07-00808.pdf
905 _a33
942 _2ddc
_cBK
_e21
_n0
999 _c43723
_d43723